Countries without KFC - Statistics

General Stats
  • This quiz has been taken 164 times
    159 since last reset
  • The average score is 23 of 64
Answer Stats
Hint Answer % Correct
Country North Korea
65%
Country Mali
60%
Country Afghanistan
58%
Country Somalia
58%
Country Iran
53%
Country Chad
51%
Country Democratic Republic of the Congo
47%
Country Fiji
47%
Country Libya
47%
Country Mauritania
47%
Country Niger
47%
Country Syria
47%
Country Djibouti
44%
Country Eritrea
44%
Country Ethiopia
44%
Country South Sudan
44%
Country Yemen
44%
Country Algeria
42%
Country Central African Republic
42%
Country Nauru
42%
Country Benin
40%
Country Comoros
40%
Country Zimbabwe
40%
Country Bhutan
37%
Country Cameroon
37%
Country The Gambia
37%
Country Federated States of Micronesia
35%
Country Laos
35%
Country Norway
35%
Country Palau
35%
Country Republic of the Congo
35%
Country Samoa
35%
Country Solomon Islands
35%
Country Togo
35%
Country Tuvalu
35%
Country Burkina Faso
33%
Country Burundi
33%
Country Guinea
33%
Country Haiti
33%
Country Liberia
33%
Country Monaco
33%
Country Tonga
33%
Country Turkmenistan
33%
Country Vatican City
33%
Country Cape Verde
30%
Country Liechtenstein
30%
Country Marshall Islands
30%
Country San Marino
30%
Country Sierra Leone
30%
Country Andorra
28%
Country Equatorial Guinea
28%
Country Gabon
28%
Country Guinea-Bissau
28%
Country Seychelles
28%
Country Vanuatu
28%
Country Belize
26%
Country Kiribati
26%
Country Nicaragua
26%
Country São Tomé and Príncipe
26%
Country Luxembourg
23%
Country Papua New Guinea
21%
Country Montenegro
16%
Country Uruguay
16%
Country Bosnia and Herzegovina
12%
No matching quizzes found
Score Distribution
Percent of People with Each Score
Percentile by Number Answered
Your Score History
You have not taken this quiz since the last reset